Tripuraneni Ramaswamy: (Record no. 222935)

MARC details
000 -LEADER
fixed length control field 00619nam a22002057a 4500
005 - DATE AND TIME OF LATEST TRANSACTION
control field 20220516095158.0
008 - FIXED-LENGTH DATA ELEMENTS--GENERAL INFORMATION
fixed length control field 220516b ||||| |||| 00| 0 eng d
040 ## - CATALOGING SOURCE
Transcribing agency Aloy
041 ## - LANGUAGE CODE
Language code of text/sound track or separate title eng
082 ## - DEWEY DECIMAL CLASSIFICATION NUMBER
Edition number 23
Classification number 820.8
Item number RAOT
100 ## - MAIN ENTRY--PERSONAL NAME
Personal name Avula Sambasiva Rao
100 ## - MAIN ENTRY--PERSONAL NAME
9 (RLIN) 37118
245 ## - TITLE STATEMENT
Title Tripuraneni Ramaswamy:
Remainder of title A herald of philosophical renaissance
260 ## - PUBLICATION, DISTRIBUTION, ETC.
Place of publication, distribution, etc. Hyderabad
Name of publisher, distributor, etc. Telugu University
Date of publication, distribution, etc. 2000
300 ## - PHYSICAL DESCRIPTION
Extent viii,191p.
Other physical details PB
Dimensions 21x14cm.
365 ## - TRADE PRICE
Source of price type code English
650 ## - SUBJECT ADDED ENTRY--TOPICAL TERM
Topical term or geographic name entry element Indian English Miscellaneous
9 (RLIN) 37119
650 ## - SUBJECT ADDED ENTRY--TOPICAL TERM
Topical term or geographic name entry element Indian English Literature
9 (RLIN) 37120
700 ## - ADDED ENTRY--PERSONAL NAME
Personal name RAO (Avula Sambasiva)
9 (RLIN) 37121
942 ## - ADDED ENTRY ELEMENTS (KOHA)
Source of classification or shelving scheme Dewey Decimal Classification
Koha item type George Fernandes Collections
Holdings
Withdrawn status Lost status Source of classification or shelving scheme Damaged status Not for loan Collection code Home library Current library Date acquired Total Checkouts Full call number Barcode Date last seen Price effective from Koha item type
    Dewey Decimal Classification     English St Aloysius Library St Aloysius Library 03/24/2013   820.8 RAOT GF02041 05/16/2022 05/16/2022 George Fernandes Collections